[Event "Zabrze Region-ch"]
[Site "Zabrze"]
[Date "2010.12.08"]
[Round "8.4"]
[White "Bezimienny, Daniel"]
[Black "Ekert, Mariusz"]
[Result "0-1"]
[WhiteElo "1877"]
[BlackElo "1873"]
[PlyCount "110"]
[EventDate "2010.12.08"]
[EventType "swiss"]
[EventRounds "9"]
[EventCountry "POL"]
[SourceTitle "EXT 2023"]
[Source "ChessBase"]
[SourceDate "2022.10.05"]
[SourceVersion "1"]
[SourceVersionDate "2022.10.05"]
[SourceQuality "1"]

1. e4 e6 2. d4 d5 3. exd5 exd5 4. Bd3 Bd6 5. Ne2 Bg4 6. f3 Bh5 7. 0-0 Nf6 8. Bg5 Nbd7 9. Qe1 0-0 10. Nd2 c6 11. f4 Bxe2 12. Qxe2 Qb6 13. Qf2 Rfe8 14. Nf3 Ne4 15. Qh4 f6 16. Qg4 fxg5 17. Qxd7 Bxf4 18. Rae1 Rad8 19. Qg4 Nf6 20. Qf5 Qc7 21. Nxg5 Bxg5 22. Qxg5 Rxe1 23. Rxe1 Re8 24. Rf1 Qe7 25. Qh4 Qe3+ 26. Kh1 Ne4 27. Qh5 g6 28. Qh4 Qxd4 29. Qf4 Qg7 30. Qe3 a6 31. Qb6 Qe7 32. c4 Rf8 33. Rxf8+ Kxf8 34. h3 Qh4 35. Qe3 Nf2+ 36. Kg1 Nxd3 37. Qxd3 Qxc4 38. Qa3+ c5 39. Qa5 Qc1+ 40. Kh2 Qf4+ 41. Kh1 Qd6 42. Qc3 d4 43. Qf3+ Kg8 44. Qxb7 d3 45. Qb3+ Kf8 46. Qc3 d2 47. Qh8+ Kf7 48. Qxh7+ Kf6 49. Qh8+ Kg5 50. h4+ Kg4 51. Qc8+ Kf4 52. Kh2 d1Q 53. g3+ Ke3 54. Qe8+ Kf2 55. Qf7+ Qf3 0-1